The International Committee Of The Red Cross And Torture / (Record no. 69255)
[ view plain ]
| 000 -LEADER | |
|---|---|
| fixed length control field | 00918nam a2200265 i 4500 |
| 003 - CONTROL NUMBER IDENTIFIER | |
| control field | EG-GICUC |
| 005 - DATE AND TIME OF LATEST TRANSACTION | |
| control field | 20260416111542.0 |
| 008 - FIXED-LENGTH DATA ELEMENTS--GENERAL INFORMATION | |
| fixed length control field | 260406b1976 us ||||fr|||| 000 0 eng d |
| 040 ## - CATALOGING SOURCE | |
| Original cataloging agency | EG-GiCUC |
| Language of cataloging | eng |
| Transcribing agency | EG-GiCUC |
| Modifying agency | EG-GiCUC |
| Description conventions | rda |
| 082 04 - DEWEY DECIMAL CLASSIFICATION NUMBER | |
| Edition number | 21 |
| Classification number | 341.65 |
| Item number | R E . I |
| 092 04 - LOCALLY ASSIGNED DEWEY CALL NUMBER (OCLC) | |
| Edition number | 21 |
| 099 ## - LOCAL FREE-TEXT CALL NUMBER (OCLC) | |
| Classification number | Law1 11 341.65 R E . I 1976 |
| 110 ## - MAIN ENTRY--CORPORATE NAME | |
| Form subheading | Red Cross |
| Relator term | Author. |
| 245 14 - TITLE STATEMENT | |
| Title | The International Committee Of The Red Cross And Torture / |
| Statement of responsibility, etc. | Reprinted From The International Review Of The Red Cross. |
| 264 #1 - PRODUCTION, PUBLICATION, DISTRIBUTION, MANUFACTURE, AND COPYRIGHT NOTICE | |
| Place of production, publication, distribution, manufacture | United States Of America : |
| Name of producer, publisher, distributor, manufacturer | The International Review Of The Red Cross, |
| Date of production, publication, distribution, manufacture, or copyright notice | 1976. |
| 300 ## - PHYSICAL DESCRIPTION | |
| Extent | 7 pages : |
| Dimensions | 24 cm |
| 336 ## - CONTENT TYPE | |
| Source | rda content |
| Content type term | text |
| 337 ## - MEDIA TYPE | |
| Source | rda media |
| Media type term | Computer |
| 338 ## - CARRIER TYPE | |
| Source | rda carrier |
| Carrier type term | Online Resource |
| 546 ## - LANGUAGE NOTE | |
| Language note | Text in English |
| 650 14 - SUBJECT ADDED ENTRY--TOPICAL TERM | |
| Topical term or geographic name entry element | International Organisations |
| 856 40 - ELECTRONIC LOCATION AND ACCESS | |
| Uniform Resource Identifier | <a href="https://fll.law.cu.edu.eg/fulltext/bks/B11-07072.pdf">https://fll.law.cu.edu.eg/fulltext/bks/B11-07072.pdf</a> |
| 905 ## - Cataloger and Reviser Names | |
| Cataloger Name: | Farah |
| 942 ## - ADDED ENTRY ELEMENTS (KOHA) | |
| Source of classification or shelving scheme | Dewey Decimal Classification |
| Koha item type | Books |
| Edition | 21 |
| Suppress in OPAC | No |
| Withdrawn status | Lost status | Source of classification or shelving scheme | Damaged status | Not for loan | Collection | Home library | Current library | Date acquired | Total checkouts | Full call number | Barcode | Date last seen | Copy number | Price effective from | Koha item type |
|---|---|---|---|---|---|---|---|---|---|---|---|---|---|---|---|
| Dewey Decimal Classification | Not for loan | القانون الدولي العام | جــــامعة القــاهرة | مكتبة كلية الحقوق - المبنى الرئيسي | 06.04.2026 | Law1 11 341.65 R E . I 1976 1107072 C1 | B11-07072 | 06.04.2026 | 1 | 06.04.2026 | Books |